[Event "Sardegna Region-ch"]
[Site "Sardara"]
[Date "2011.05.29"]
[Round "7"]
[White "Murtas, Paolo"]
[Black "Passalacqua, Tullio"]
[Result "1/2-1/2"]
[WhiteElo "1515"]
[BlackElo "1479"]
[PlyCount "67"]
[EventDate "2011.05.23"]
[EventType "swiss"]
[EventRounds "8"]
[EventCountry "ITA"]
[SourceTitle "EXT 2023"]
[Source "ChessBase"]
[SourceDate "2022.10.05"]
[SourceVersion "1"]
[SourceVersionDate "2022.10.05"]
[SourceQuality "1"]

1. d4 d5 2. Nf3 Bg4 3. e3 e6 4. c4 c6 5. Nc3 Nf6 6. Be2 Qc7 7. Ne5 Bf5 8. Bd3 Ne4 9. 0-0 Bd6 10. Nf3 Bg4 11. Be2 Nxc3 12. bxc3 Bxf3 13. Bxf3 Bxh2+ 14. Kh1 Bd6 15. Qb3 Qd8 16. g3 b6 17. e4 dxe4 18. Bxe4 Qe7 19. Kg2 f5 20. Bd3 Nd7 21. Bd2 0-0 22. Rae1 f4 23. c5 bxc5 24. Qxe6+ Qxe6 25. Rxe6 Rf6 26. Bc4 f3+ 27. Kg1 Kh8 28. Rfe1 Raf8 29. Bg5 Rg6 30. Rxg6 hxg6 31. Re4 Nf6 32. Rh4+ Nh7 33. Bd3 Kg8 34. Bc4+ 1/2-1/2

[Event "Sardegna Region-ch"]
[Site "Sardara"]
[Date "2011.05.22"]
[Round "4"]
[White "Corona, Rafaele"]
[Black "Murtas, Paolo"]
[Result "1-0"]
[WhiteElo "1437"]
[BlackElo "1515"]
[PlyCount "75"]
[EventDate "2011.05.23"]
[EventType "swiss"]
[EventRounds "8"]
[EventCountry "ITA"]
[SourceTitle "EXT 2023"]
[Source "ChessBase"]
[SourceDate "2022.10.05"]
[SourceVersion "1"]
[SourceVersionDate "2022.10.05"]
[SourceQuality "1"]

1. d4 e6 2. Nc3 d5 3. Qd3 Nf6 4. Bg5 Be7 5. f3 Nbd7 6. 0-0-0 0-0 7. e4 dxe4 8. fxe4 Re8 9. Nf3 c6 10. h4 a6 11. e5 Nd5 12. Bxe7 Qxe7 13. g4 Nxc3 14. Qxc3 Nb6 15. Qd3 Nd5 16. a3 Rd8 17. Ng5 g6 18. Ne4 b5 19. g5 Bb7 20. Nf6+ Nxf6 21. gxf6 Qf8 22. Kb1 c5 23. Rh2 Rxd4 24. Qe2 Rxd1+ 25. Qxd1 Rd8 26. Qg4 Rd4 27. Qe2 Re4 28. Qd1 Rd4 29. Qe2 Qd8 30. h5 Re4 31. Qf2 Qd1+ 32. Ka2 Qd5+ 33. b3 Rxe5 34. hxg6 fxg6 35. f7+ Kf8 36. Rxh7 Rf5 37. Qh2 Rxf7 38. Qb8+ 1-0

[Event "Sardegna Region-ch"]
[Site "Sardara"]
[Date "2010.04.24"]
[Round "6"]
[White "Galluzzi, Marco"]
[Black "Murtas, Paolo"]
[Result "1-0"]
[WhiteElo "1374"]
[BlackElo "1443"]
[PlyCount "119"]
[EventDate "2010.04.17"]
[EventType "swiss"]
[EventRounds "8"]
[EventCountry "ITA"]
[SourceTitle "EXT 2024"]
[Source "ChessBase"]
[SourceDate "2023.10.10"]
[SourceVersion "1"]
[SourceVersionDate "2023.10.10"]
[SourceQuality "1"]

1. Nf3 d5 2. d4 Nf6 3. g3 e6 4. Bg2 Be7 5. 0-0 0-0 6. b3 c6 7. Nbd2 Nbd7 8. Bb2 h6 9. a3 c5 10. c4 b6 11. Qc2 Bb7 12. Rfe1 Qc7 13. Rac1 Rac8 14. h3 Rfd8 15. Nh2 cxd4 16. e3 d3 17. Qxd3 Nc5 18. Qc2 Nce4 19. Bxf6 Nxf6 20. Qb2 Qd6 21. b4 Qd7 22. Red1 dxc4 23. Nxc4 Qc7 24. Rxd8+ Rxd8 25. Na5 Rd1+ 26. Rxd1 Bxg2 27. Rc1 Qd8 28. Nc6 Bxc6 29. Rxc6 Qd1+ 30. Nf1 Ne4 31. Qc2 Qf3 32. Rc7 Bd6 33. Rc8+ Bf8 34. Rc4 Ng5 35. Kh2 Bd6 36. Rc8+ Bf8 37. Rc7 Bd6 38. Rd7 Bf8 39. Rxa7 Ne4 40. Kg1 Ng5 41. Kh2 Ne4 42. Rc7 Nxf2 43. Kg1 Nxh3+ 44. Kh2 Qxf1 45. Qc1 Qf2+ 46. Kxh3 Qf5+ 47. Kg2 Qe4+ 48. Kh2 Qf5 49. Qe1 Qh5+ 50. Kg2 Qd5+ 51. Kg1 Bd6 52. Rc8+ Bf8 53. Qf1 Qg5 54. Qf2 Qd5 55. Rc7 Qd1+ 56. Kg2 Qd5+ 57. Kg1 Qd1+ 58. Kh2 Qh5+ 59. Kg1 Qd1+ 60. Qf1 1-0

[Event "Sardegna Region-ch"]
[Site "Sardara"]
[Date "2010.04.17"]
[Round "1"]
[White "Cherchi, Marco"]
[Black "Murtas, Paolo"]
[Result "1-0"]
[WhiteElo "1807"]
[BlackElo "1443"]
[PlyCount "79"]
[EventDate "2010.04.17"]
[EventType "swiss"]
[EventRounds "8"]
[EventCountry "ITA"]
[SourceTitle "EXT 2024"]
[Source "ChessBase"]
[SourceDate "2023.10.10"]
[SourceVersion "1"]
[SourceVersionDate "2023.10.10"]
[SourceQuality "1"]

1. e4 e6 2. d4 d5 3. Nd2 dxe4 4. Nxe4 Nd7 5. Nf3 Ngf6 6. Nxf6+ Nxf6 7. Bg5 Be7 8. Bd3 b6 9. Bxf6 Bxf6 10. Be4 Rb8 11. Ne5 Bxe5 12. dxe5 Qxd1+ 13. Rxd1 Bb7 14. Bd3 0-0 15. 0-0 c5 16. Rd2 Rfd8 17. Rfd1 Kh8 18. Bc4 Rxd2 19. Rxd2 Bc6 20. Rd6 Be8 21. f4 g6 22. Kf2 Kg7 23. Ke3 Kf8 24. g4 Ke7 25. Rd2 Rd8 26. Bd3 Bc6 27. h4 b5 28. b3 a6 29. Rh2 h5 30. gxh5 gxh5 31. Rd2 Bd5 32. Be2 c4 33. bxc4 bxc4 34. Rd4 Rc8 35. f5 Rc5 36. f6+ Kf8 37. c3 a5 38. Bxh5 Rb5 39. Be2 Rc5 40. h5 1-0